LEADER 01141nam 2200325Ia 450 001 996386364203316 005 20221108044204.0 035 $a(CKB)1000000000614727 035 $a(EEBO)2240906912 035 $a(UnM)99122144600971 035 $a(EXLCZ)991000000000614727 100 $a19860306d1700 uy | 101 0 $aeng 135 $aurbn||||a|bb| 200 13$aAn essay of a character of the late Right Honourable Sir George Treby Kt$b[electronic resource] $eLord Chief Justice of His Majesty's Court of Common Pleas 210 $aLondon $cPrinted by R. Robert and sold by A. Baldwin ...$d1700 215 $a1 sheet ([2] p.) 300 $aIn verse. 300 $aCaption title. 300 $aAttributed to Tate by NUC pre-1956 imprints. 300 $aImprint from colophon. 300 $aReproduction of original in the Harvard University Library. 330 $aeebo-0062 700 $aTate$b Nahum$f1652-1715.$0709613 801 1$bEAG 801 2$bWaOLN 906 $aBOOK 912 $a996386364203316 996 $aAn essay of a character of the late Right Honourable Sir George Treby Kt$92386219 997 $aUNISA